| 000 | 00954nam a2200265 i 4500 | ||
|---|---|---|---|
| 003 | DO-SdBNP | ||
| 005 | 20240902093734.0 | ||
| 007 | ta | ||
| 008 | 240902b1995 dr ||||| |||| 00| 0 spa d | ||
| 040 |
_aDO-SdBNP _bspa _cBNPHU _erda |
||
| 082 | 4 | _222 | |
| 245 | 0 | 0 |
_aColonialismo y contrarrevolución : _bCuba hoy , susproblemas y sus amenazas / _cVladimir A. Ramírez ; corrección, Alba Ramírez ; compilación, Abelardo Piñero |
| 250 | _asegunda edición | ||
| 264 |
_aSanto Domingo : _bEditora CIBE, _c1995. |
||
| 300 |
_a155 páginas ; _c21 cm. |
||
| 336 |
_atexto _btxt _2rdacontent |
||
| 337 |
_asin mediación _bn _2rdamedia |
||
| 338 |
_avolumen _bnc _2rdacarrier |
||
| 500 | _aIncluye referencias bibliográficas y notas al pie de las páginas | ||
| 590 | _aInventariado, 2024/BT | ||
| 700 | 1 |
_4correc. _aRamírez, Alba, _ecorrector _986488 |
|
| 700 | 1 |
_4comp. _aPiñero, Abelardo, _ecompilador _986489 |
|
| 910 | _aBtavárez | ||
| 942 |
_2ddc _cLBS1 |
||
| 999 |
_c57599 _d57599 |
||